000 00277nam a2200097Ia 4500
001 1299365
005 20260417170343.0
008 260417s9999 xx 000 0 und d
245 0 _aTÜRKİYEYİ GEZİYORUM 1 LEVENT RİZE'DE
_cMUSTAFA ORAKÇI
260 _bTİMAŞ ÇOCUK YAYINLARI
999 _c1299365
_d1299365